Score 0/25 Timer 06:00
0 Plays Today
% Correct
Harry Potter and the Chamber of Secrets
88.9%
Back to the Future Part II
87.8%
Spider-Man
82.8%
Fantastic Mr. Fox
80.4%
Monsters University
75.4%
Spectre
59.5%
Friday the 13th: The Final Chapter
54.5%
Raging Bull
50.7%
Sin City
50.3%
The Notebook
41.4%
Citizen Kane
39.5%
The Wolf of Wall Street
38.5%
X-Men: Days of Future Past
38.4%
% Correct
Hannibal
37.8%
Children of Men
33%
Inglourious Basterds
27.6%
A Beautiful Mind
24.3%
Ant-Man
22.1%
Scott Pilgrim vs. the World
21.8%
Halloween: The Curse of Michael Myers
21.7%
Being John Malkovich
20.3%
The Adventures of Tintin: The Secret of the Unicorn
15.9%
A Clockwork Orange
15%
The Shawshank Redemption
13.7%
Nanny McPhee
5.5%
Remove Ads.
Support Sporcle.
Get the best of Sporcle when you Go Orange. This ad-free experience offers more features, more stats, and more fun while also helping to support Sporcle. Thank you for becoming a member.

You're not logged in!

Compare scores with friends on all Sporcle quizzes.
OR
Log In

Sporcle TV

Today on Sporcle TV


Watch our educational content, quiz creation guides, and fun videos on Sporcle TV.

Show Comments

Extras

Top Quizzes Today


Score Distribution

Paid Content

Your Account Isn't Verified!

In order to create a playlist on Sporcle, you need to verify the email address you used during registration. Go to your Sporcle Settings to finish the process.

Report this User

Report this user for behavior that violates our Community Guidelines.

Details: